000
00325nam a2200145Ia 4500
008
230718s9999 xx 000 0 und d
041
_a
Eng.
082
_a
894.35
_b
ZAN-T
100
_a
Zan Word
245
0
_a
Turki he Turki
260
_a
Pakistan
_b
Jhamori Publishers
_c
2014
300
_a
215
650
_a
Law
999
_c
31642
_d
31642